[Event "Delegacio Lleida op"]
[Site "Mollerusa"]
[Date "2018.04.28"]
[Round "3"]
[White "Querol Zamora, Ivan"]
[Black "Montoliu Torne, Domenec"]
[Result "1-0"]
[WhiteElo "1601"]
[BlackElo "1845"]
[PlyCount "108"]
[EventDate "2018.04.14"]
[EventType "swiss"]
[EventRounds "8"]
[EventCountry "ESP"]
[SourceTitle "EXT 2019"]
[Source "ChessBase"]
[SourceDate "2018.10.10"]
[SourceVersion "1"]
[SourceVersionDate "2018.10.10"]
[SourceQuality "1"]

1. d4 d5 2. c4 e5 3. dxe5 d4 4. Nf3 Nc6 5. g3 Nge7 6. Bg2 Ng6 7. 0-0 Ngxe5 8. Nxe5 Nxe5 9. Re1 Be7 10. Bf4 Ng6 11. Qd2 0-0 12. e3 Nxf4 13. exf4 Bf6 14. Qd3 g6 15. Nd2 Bf5 16. Ne4 Bg7 17. Rad1 c5 18. h3 h5 19. f3 Qa5 20. Qc2 Rfe8 21. Bf1 Rad8 22. a3 Qc7 23. Kg2 Qc6 24. Bd3 Re7 25. Re2 Rde8 26. Rde1 Qc8 27. Nf2 Rxe2 28. Rxe2 Rxe2 29. Qxe2 Bxd3 30. Nxd3 Qe6 31. Qxe6 fxe6 32. Nxc5 Kf7 33. Kf2 b6 34. Ne4 e5 35. fxe5 Bxe5 36. b4 Ke7 37. Ke2 Ke6 38. Kd3 Kf5 39. f4 Bg7 40. Nd6+ Ke6 41. Nb5 a5 42. Nxd4+ Kd6 43. Ke4 a4 44. f5 Bxd4 45. Kxd4 gxf5 46. h4 Ke6 47. c5 bxc5+ 48. bxc5 Kd7 49. Kd5 Kc7 50. c6 Kc8 51. Kd6 Kd8 52. Ke5 Kc7 53. Kxf5 Kxc6 54. Kg5 Kc5 1-0